00905nam a2200145Ia 4500008004100000082001800041245018100059260000600240365000800246630018100254730018100435942000900616999001900625952011500644100415s9999 xx 000 0 und d b21313a343.02 aReference Guide to the Maharashtra Sales Tax on the Transfer of property in Goods involved in the execution of works Contracts (Re-enacted) Act-1989 as amended upto 10-08-2004. c0 b300 aReference Guide to the Maharashtra Sales Tax on the Transfer of property in Goods involved in the execution of works Contracts (Re-enacted) Act-1989 as amended upto 10-08-2004. aReference Guide to the Maharashtra Sales Tax on the Transfer of property in Goods involved in the execution of works Contracts (Re-enacted) Act-1989 as amended upto 10-08-2004. cBOOK c604195d604192 00104070aBNHSbBNHSd2005-07-06g300.00l0o343.02 21313pBNHS-21313r2010-04-15 00:00:00w2010-04-15yBOOK